Mapa del Estado de Boyacá, antigua Provincia de Casanare: (Registro nro. 9039)
[ vista simple ]
| 000 -CABECERA | |
|---|---|
| Campo de control | 00953 a2200193 4500 |
| 005 - FECHA Y HORA DE LA ULTIMA TRANSACCION | |
| Campo de control | 20150122151613.0 |
| 008 - ELEMENTOS DE LONGITUD FIJA—INFORMACION GENERAL | |
| Campo de control | 150122b2000 ck ||||| |a||ar | 0 spa d |
| 040 ## - FUENTE DE CATALOGACIÓN | |
| Agencia catalogadora original | CO-BoIAVH |
| Agencia transcriptora | CO-BoIAVH |
| 041 ## - IDIOMA | |
| Código de idioma para texto/pista de sonido o título separado | Español |
| 044 ## - PAÍS DE PUBLICACIÓN | |
| País de publicación | Colombia |
| 245 00 - MENCION DE TITULO | |
| Título | Mapa del Estado de Boyacá, antigua Provincia de Casanare: |
| Parte restante del título | Viaje de la Comisión Corográfica por el territorio de Casanare 1856, obra dirigida por Agustín Codazzi |
| Medio físico | [material cartográfico] |
| 260 ## - PUBLICACION, DISTRIBUCION, ETC. (PIE DE IMPRENTA) | |
| Lugar de publicación, distribución, etc. | Bogotá: |
| Nombre del editor, distribuidor, etc. | Instituto Geográfico Agustín Codazzi, |
| Fecha de publicación, distribución, etc. | 2000. |
| 300 ## - DESCRIPCION FISICA | |
| Extensión | 1 pliego |
| Otros detalles físicos | col. |
| Dimensiones | 80 x 340 cm. |
| 500 ## - NOTA GENERAL | |
| Nota general | Material acompañante |
| 650 ## - ASIENTO SECUNDARIO DE MATERIA - TERMINO TEMATICO | |
| Término temático o nombre geográfico como elemento de entrada | Boyacá |
| Subdivisión de forma | mapa |
| Subdivisión general | geografía histórica |
| 650 ## - ASIENTO SECUNDARIO DE MATERIA - TERMINO TEMATICO | |
| Término temático o nombre geográfico como elemento de entrada | Antigua provincia de Casanare |
| Subdivisión de forma | mapa |
| Subdivisión general | geografía histórica |
| 773 0# - Item fuente: | |
| Asiento principal | Domínguez Ossa, Camilo A. |
| Lugar, editorial y fecha de publicación | Bogotá, COAMA, Unión̤ Europea, Fondo FEN, Instituto Geográfico Agustín Codazzi, 2000. |
| Número Internacional Normalizado para Libros - ISBN | 9589663362 |
| Título | Geografía física y política de la Confederación Granadina: |
| 942 ## - ELEMENTOS ADICIONALES (KOHA) | |
| Sistema de clasificación | Local |
| Tipo de ítem | Mapa |
| Withdrawn status | Lost status | Sistema de Clasificación | Damaged status | No para préstamo | Colección | Inventariado | Ubicación Permanente | Ubicación actual | Fecha de adquisición | Total Checkouts | Número topográfico | Inventario / Código de Barras | Date last seen | Ejemplar | Price effective from | Forma de adquisición | Tipo de material |
|---|---|---|---|---|---|---|---|---|---|---|---|---|---|---|---|---|---|
| Local | Inventariado 2017 | Bogotá | Bogotá | 22/01/2015 | MC- | 038546 | 22/01/2015 | Ej. 1 | 22/01/2015 | Mapa |